| 000 | 00783 a2200169 4500 | ||
|---|---|---|---|
| 003 | Nust | ||
| 005 | 20230306122127.0 | ||
| 040 | _cNust | ||
| 082 | _a305.23,BER | ||
| 100 |
_aBeresford J. D _9109865 |
||
| 245 |
_aThe Young People / _cJ D. Beresford |
||
| 260 |
_aLondon _bCollins _c1933 |
||
| 300 | _a269:p .; | ||
| 505 | _aParents an Children Introduction (Paeg-7), Judith (Paeg-25), Doing Something (Paeg-34), Miles (Paeg-62), Anitra (Paeg-81), The Silent Worshipper (Paeg-101), Joe and Hannah (Paeg-119), Understanding (Paeg-141), Among the Mountains (Paeg-152), Taking Sides (Paeg-172), Among the Mountains (Paeg-152), Taking Sides (Paeg-172), Anitra’s Smile (Paeg-199), Owen and Judith (Paeg-238), CODA (Paeg-253), | ||
| 650 |
_aThe Young People _9109866 |
||
| 942 |
_2ddc _cBK |
||
| 999 |
_c184772 _d184772 |
||